Water quality management for coastal aquaculture / (Record no. 2327)

000 -LEADER
fixed length control field 00440nam a22001457a 4500
008 - FIXED-LENGTH DATA ELEMENTS--GENERAL INFORMATION
fixed length control field 200221b ||||| |||| 00| 0 eng d
020 ## - INTERNATIONAL STANDARD BOOK NUMBER
International Standard Book Number 9788170355380
082 00 - DEWEY DECIMAL CLASSIFICATION NUMBER
Classification number 363.61
Item number B2149
100 ## - MAIN ENTRY--PERSONAL NAME
9 (RLIN) 1906
Personal name Bandyopadhyay, Sukumar
245 10 - TITLE STATEMENT
Title Water quality management for coastal aquaculture /
260 ## - PUBLICATION, DISTRIBUTION, ETC. (IMPRINT)
Place of publication, distribution, etc Delhi,
Name of publisher, distributor, etc Daya Publication:
Date of publication, distribution, etc 2008.
300 ## - PHYSICAL DESCRIPTION
Extent xx,354p.
650 #0 - SUBJECT ADDED ENTRY--TOPICAL TERM
Topical term or geographic name as entry element Water Resource Management
942 ## - ADDED ENTRY ELEMENTS (KOHA)
Item type Books
Holdings
Withdrawn status Lost status Source of classification or shelving scheme Damaged status Not for loan Permanent location Current location Date acquired Source of acquisition Full call number Barcode Date last seen Cost, replacement price Koha item type
          IMU Kolkata IMU Kolkata 2009-03-30 R. B. Enterprises 363.61 B2149 10759 2020-02-21 1500.00 Books
Designed and Maintained by IMU-KC Library, Kolkata Campus © Copyright All Rights Reserved

webs counters

Powered by Koha